Las clases sociales de la Revolución Francesa / (Record no. 172100)

MARC details
000 -LEADER
campo de control de longitud fija 00685nam a22001935i 4500
001 - NÚMERO DE CONTROL
campo de control 172100
003 - IDENTIFICADOR DE NÚMERO DE CONTROL
campo de control ES-MaACL
005 - FECHA Y HORA DE LA ÚLTIMA TRANSACCIÓN
campo de control 20231103062537.0
008 - DATOS DE LONGITUD FIJA--INFORMACIÓN GENERAL
campo de control de longitud fija 090615s1971 sp |||| | spa d
100 1# - ENTRADA PRINCIPAL--NOMBRE DE PERSONA
Nombre de persona Soboul, Albert.
9 (RLIN) 106991
245 14 - MENCIÓN DEL TÍTULO
Título Las clases sociales de la Revolución Francesa /
Mención de responsabilidad, etc. Albert Soboul ; [traducción: Valentina y Eugenio Fernánez Vargas].
260 ## - PUBLICACIÓN, DISTRIBUCIÓN, ETC.
Lugar de publicación, distribución, etc. [Madrid] :
Nombre del editor, distribuidor, etc. Fundamentos,
Fecha de publicación, distribución, etc. [1971]
300 ## - DESCRIPCIÓN FÍSICA
Extensión 230 p. ;
Dimensiones 19 cm.
651 #4 - PUNTO DE ACCESO ADICIONAL DE MATERIA--NOMBRE GEOGRÁFICO
Nombre geográfico Francia-
Subdivisión general Historia-
Subdivisión cronológica 1789-1799, Revolución
9 (RLIN) 8685
700 1# - ENTRADA AGREGADA--NOMBRE PERSONAL
Nombre de persona Fernández Vargas, Eugenio.
9 (RLIN) 50146
700 1# - ENTRADA AGREGADA--NOMBRE PERSONAL
Nombre de persona Fernández Vargas, Valentina.
9 (RLIN) 50147
852 ## - LOCALIZACIÓN
Ubicación ES-MaACL
Número de control de estantería C-45804
itemnumber R.78306
Holdings
Estatus retirado Estado de pérdida Estado de daño No para préstamo Biblioteca de origen Biblioteca actual Ubicación en estantería Fecha de adquisición Fuente de adquisición Total de préstamos Signatura topográfica completa Código de barras Visto por última vez Precio de reemplazo Tipo de ítem Koha
        Biblioteca del Ateneo de Madrid Biblioteca del Ateneo de Madrid Depósito 2 15/06/2009     C-45804 1180607 23/02/2023 23/02/2023 Libro impreso